Movies Quiz

Random Movies or Clickable Quiz

Eddie Murphy Needs A Job Quiz Stats

 Plays Quiz not verified by Sporcle

Challenge
Share
Tweet
Embed
Score 0/23 Timer 07:00
0 Plays Today
% Correct
African Prince
94%
Police Detective
93.3%
Chemistry Professor
92.1%
Veterinarian
91.3%
Television Evangelist
68.6%
Convict
67.6%
Convict
59.7%
R&B Performer
56.5%
Con Artist
56.1%
Con Artist
54%
Movie Star
50.3%
Thief (Ex-convict)
50.1%
% Correct
Real Estate Agent
48.9%
Nightclub Owner
48.5%
Alien (Spaceship Captain)
46.8%
Nightclub Owner
43%
Patrol Officer (Actor)
41.3%
Literary Agent
41%
Advertising Executive
39.9%
Hostage Negotiator
38.5%
Tank Commander
37.4%
Boxer
33%
Financial Executive
22.1%

You're not logged in!

Compare scores with friends on all Sporcle quizzes.
OR
Log In

You Might Also Like...

Show Comments

Extras

Top Quizzes Today


Score Distribution

Your Account Isn't Verified!

In order to create a playlist on Sporcle, you need to verify the email address you used during registration. Go to your Sporcle Settings to finish the process.

Report this User

Report this user for behavior that violates our Community Guidelines.

Details: